| 000 | 00886nam a2200277Ia 4500 | ||
|---|---|---|---|
| 999 |
_c3245 _d3245 |
||
| 001 | 85875393 | ||
| 003 | OCoLC | ||
| 005 | 20181217190242.0 | ||
| 008 | 070315s1994 ilu b 001 0 eng d | ||
| 020 | _a0802467997 | ||
| 020 | _a9780802467997 | ||
| 035 | _a(OCoLC)85875393 | ||
| 040 |
_aHNW _cHNW |
||
| 082 |
_a262.1 _bS251S |
||
| 090 |
_aBV652.1 _b.S3 1994 |
||
| 092 | 0 |
_a253.2 _bS215s, 1994 _222 |
|
| 100 | 1 |
_aSanders, J. Oswald _q(John Oswald), _d1902-1992. |
|
| 245 | 1 | 0 |
_aSpiritual leadership : _bprinciples of excellence for every believer / _cJ. Oswald Sanders. |
| 250 | _aInd. Ed. | ||
| 260 |
_aChicago : _bMoody Press, _cc1994. |
||
| 300 |
_a189 p. ; _c23 cm. |
||
| 500 | _a"Text updated by Mark Fackler... Study guide by James C. Galvin."--T.p.verso. | ||
| 504 | _aIncludes bibliographical references and indexes. | ||
| 650 | 0 | _aChristian leadership. | |
| 942 |
_2ddc _cBK |
||